[Event "10. Copenhagen Open"]
[Site "Copenhagen"]
[Date "1988.??.??"]
[Round "9"]
[White "Nilsson, Nils Specht"]
[Black "Jacobsen, Bo"]
[Result "0-1"]
[WhiteElo "2230"]
[BlackElo "2280"]
[PlyCount "74"]
[EventDate "1988.??.??"]
[EventType "swiss"]
[EventRounds "10"]
[EventCountry "DEN"]
[SourceDate "2004.01.01"]

1. e4 e5 2. Nf3 Nc6 3. Bb5 Nf6 4. O-O d6 5. Re1 Bd7 6. c3 Be7 7. d4 O-O 8. d5
Nb8 9. Bxd7 Nbxd7 10. c4 a5 11. Nc3 h6 12. Nd2 g6 13. Nf1 Kg7 14. Ng3 Nh7 15.
Qc2 h5 16. Nf1 b6 17. Nb5 h4 18. h3 Ndf6 19. Qd2 Nh5 20. Qh6+ Kg8 21. g4 Ng5
22. gxh5 Nf3+ 23. Kh1 Qd7 24. Nh2 Qxh3 25. Bf4 Nxh2 26. Bxh2 Qf3+ 27. Kg1 Qg4+
28. Kf1 Bg5 29. Qxg5 Qxg5 30. Nxc7 Rad8 31. hxg6 Rd7 32. g7 Kxg7 33. Nb5 Qg4
34. Re3 f5 35. f3 fxe4 36. Nxd6 Rxf3+ 37. Rxf3 Qxf3+ 0-1

[Event "10. Copenhagen Open"]
[Site "Copenhagen"]
[Date "1988.??.??"]
[Round "9"]
[White "Riemersma, Liafbern"]
[Black "Hoi, Carsten"]
[Result "1/2-1/2"]
[WhiteElo "2420"]
[BlackElo "2405"]
[PlyCount "23"]
[EventDate "1988.??.??"]
[EventType "swiss"]
[EventRounds "10"]
[EventCountry "DEN"]
[SourceDate "2004.01.01"]

1. e4 d6 2. d4 Nf6 3. Nc3 g6 4. f4 Bg7 5. Nf3 O-O 6. Be2 Na6 7. O-O c5 8. Kh1
cxd4 9. Nxd4 Nc5 10. Bf3 a6 11. Be3 Qc7 12. Nd5 1/2-1/2

[Event "10. Copenhagen Open"]
[Site "Copenhagen"]
[Date "1988.??.??"]
[Round "9"]
[White "Salanki, Endre"]
[Black "Plachetka, Jan"]
[Result "0-1"]
[WhiteElo "2335"]
[BlackElo "2415"]
[PlyCount "92"]
[EventDate "1988.??.??"]
[EventType "swiss"]
[EventRounds "10"]
[EventCountry "DEN"]
[SourceDate "2004.01.01"]

1. c4 g6 2. Nc3 c5 3. g3 Bg7 4. Bg2 Nc6 5. e3 e5 6. Nge2 d6 7. d3 Nge7 8. O-O
O-O 9. a3 Be6 10. Nd5 Qd7 11. Re1 Rab8 12. Rb1 b5 13. Bd2 f5 14. Qc2 bxc4 15.
dxc4 e4 16. Nef4 Bf7 17. f3 g5 18. Nxe7+ Nxe7 19. Ne2 exf3 20. Bxf3 Ng6 21. Bg2
Ne5 22. b3 Bg6 23. Rf1 f4 24. Be4 fxg3 25. Nxg3 Nf3+ 26. Rxf3 Rxf3 27. Bxg6
hxg6 28. Qxg6 Rbf8 29. Qxg5 Qe6 30. Rf1 Rxf1+ 31. Nxf1 Qf7 32. Qg2 Rb8 33. b4
Qxc4 34. Ng3 Rf8 35. Ne4 Qd3 36. h4 Kh8 37. bxc5 dxc5 38. Ng5 c4 39. Bb4 Qxe3+
40. Kh1 Qc1+ 41. Kh2 Qf4+ 42. Kh3 Qf5+ 43. Qg4 Qf1+ 44. Qg2 c3 45. Bxf8 Qxg2+
46. Kxg2 c2 0-1

[Event "10. Copenhagen Open"]
[Site "Copenhagen"]
[Date "1988.??.??"]
[Round "9"]
[White "Sarosi, Zoltan"]
[Black "Hansen, Soren Bech"]
[Result "1/2-1/2"]
[WhiteElo "2315"]
[BlackElo "2255"]
[PlyCount "50"]
[EventDate "1988.??.??"]
[EventType "swiss"]
[EventRounds "10"]
[EventCountry "DEN"]
[SourceDate "2004.01.01"]

1. d4 Nf6 2. c4 g6 3. Nc3 d5 4. Nf3 Bg7 5. e3 O-O 6. Bd2 c5 7. dxc5 Na6 8. cxd5
Nxc5 9. Bc4 a6 10. a4 Bf5 11. O-O Qd6 12. Qe2 Rfd8 13. Rfd1 Nfe4 14. Nxe4 Bxe4
15. Bb4 Qb6 16. Qd2 a5 17. Bc3 Bxc3 18. Qxc3 Rd6 19. Nd4 Rad8 20. Nb5 R6d7 21.
d6 Bc6 22. Rd4 e6 23. b3 Ne4 24. Qd3 Nc5 25. Qc3 Ne4 1/2-1/2

[Event "10. Copenhagen Open"]
[Site "Copenhagen"]
[Date "1988.??.??"]
[Round "9"]
[White "Schandorff, Lars"]
[Black "Schulz, Klaus Jurgen"]
[Result "1-0"]
[WhiteElo "2400"]
[BlackElo "2345"]
[PlyCount "71"]
[EventDate "1988.??.??"]
[EventType "swiss"]
[EventRounds "10"]
[EventCountry "DEN"]
[SourceDate "2004.01.01"]

1. d4 d5 2. c4 dxc4 3. Nf3 Nf6 4. e3 e6 5. Bxc4 c5 6. O-O a6 7. a4 Nc6 8. Qe2
Qc7 9. Nc3 Bd6 10. Bd3 b6 11. Bd2 Bb7 12. Ne4 Nxe4 13. Bxe4 O-O 14. dxc5 Bxc5
15. Bc3 Qe7 16. Rfd1 Rfd8 17. Rxd8+ Rxd8 18. Bxc6 Bxc6 19. Qxa6 Ra8 20. Qd3
Rxa4 21. Rxa4 Bxa4 22. Qe4 Be8 23. b4 Bd6 24. Qd4 Qf6 25. Qxd6 Qxc3 26. h3 Qc6
27. Qb8 f6 28. Nd4 Qd7 29. Qxb6 Kf7 30. b5 e5 31. Nc6 h5 32. Qc5 Kg6 33. Ne7+
Kh7 34. b6 h4 35. Qc8 Qxe7 36. b7 1-0

[Event "10. Copenhagen Open"]
[Site "Copenhagen"]
[Date "1988.??.??"]
[Round "9"]
[White "Sinkovics, Peter"]
[Black "Bang, Andreas"]
[Result "0-1"]
[WhiteElo "2310"]
[BlackElo "2250"]
[PlyCount "106"]
[EventDate "1988.??.??"]
[EventType "swiss"]
[EventRounds "10"]
[EventCountry "DEN"]
[SourceDate "2004.01.01"]

1. d4 d5 2. Nf3 Nf6 3. c4 c6 4. Nc3 dxc4 5. a4 Bf5 6. Nh4 Bc8 7. e3 e5 8. Bxc4
exd4 9. exd4 Bb4 10. O-O O-O 11. Qb3 a5 12. Bg5 Nbd7 13. Na2 Bd6 14. g3 h6 15.
Nf5 Bc7 16. Bxh6 Nb6 17. Bxg7 Bxf5 18. Bxf8 Qxf8 19. Qf3 Bg6 20. Bb3 Nbd5 21.
Nc3 Rd8 22. Rfe1 Qb4 23. Nxd5 Nxd5 24. Rad1 Kg7 25. h4 Nf6 26. Qc3 Ne4 27. Qxb4
axb4 28. h5 Bh7 29. f3 Ng5 30. Kg2 Kf6 31. f4 Ne6 32. d5 cxd5 33. Rxd5 Rg8 34.
Kf3 Bf5 35. a5 Bg4+ 36. Kf2 Bb8 37. Rf1 Ba7+ 38. Kg2 Bf5 39. Rd2 Nd4 40. Bd5
Bg4 41. Bxb7 Nf5 42. Rc1 Ne3+ 43. Kh2 Rh8 44. Rc6+ Be6 45. Ra6 Rxh5+ 46. Kg1
Bc5 47. Rd8 Ng4+ 48. Kf1 Ke7 49. Raa8 Rh2 50. Re8+ Kf6 51. b3 Ne3+ 52. Kg1 Rc2
53. Be4 Nf5+ 0-1

[Event "10. Copenhagen Open"]
[Site "Copenhagen"]
[Date "1988.??.??"]
[Round "9"]
[White "Stein, Bernd"]
[Black "Clausen, Steen"]
[Result "1/2-1/2"]
[WhiteElo "2365"]
[BlackElo "2270"]
[PlyCount "25"]
[EventDate "1988.??.??"]
[EventType "swiss"]
[EventRounds "10"]
[EventCountry "DEN"]
[SourceDate "2004.01.01"]

1. b3 e5 2. Bb2 Nc6 3. c4 d6 4. Nf3 f5 5. d4 e4 6. d5 exf3 7. dxc6 bxc6 8. exf3
Nf6 9. Bd3 Be7 10. Qc2 g6 11. Nd2 O-O 12. O-O Nh5 13. Rfe1 1/2-1/2

[Event "10. Copenhagen Open"]
[Site "Copenhagen"]
[Date "1988.??.??"]
[Round "9"]
[White "Szekely, Peter"]
[Black "Callergard, Robert"]
[Result "1/2-1/2"]
[WhiteElo "2420"]
[BlackElo "2340"]
[PlyCount "57"]
[EventDate "1988.??.??"]
[EventType "swiss"]
[EventRounds "10"]
[EventCountry "DEN"]
[SourceDate "2004.01.01"]

1. Nf3 c5 2. c4 Nc6 3. Nc3 e5 4. e3 Nf6 5. d4 cxd4 6. exd4 e4 7. Ne5 Bb4 8. Be2
Qa5 9. Nxc6 dxc6 10. Qb3 O-O 11. Bd2 Re8 12. O-O Bxc3 13. Qxc3 Qf5 14. Qg3 Be6
15. Rac1 Rad8 16. Be3 Rd7 17. h3 Qg6 18. Qh4 h6 19. Rfd1 a6 20. Rc3 Nh7 21. Kh1
Red8 22. Kg1 Nf8 23. Rc2 Qf5 24. Rcd2 Ng6 25. Qg3 Qf6 26. b3 Ne7 27. Bg4 Kh7
28. Rf1 Qg6 29. Qh4 1/2-1/2

[Event "10. Copenhagen Open"]
[Site "Copenhagen"]
[Date "1988.??.??"]
[Round "9"]
[White "Sorensen, Henrik"]
[Black "Iskov, Gert"]
[Result "0-1"]
[WhiteElo "2265"]
[BlackElo "2345"]
[PlyCount "52"]
[EventDate "1988.??.??"]
[EventType "swiss"]
[EventRounds "10"]
[EventCountry "DEN"]
[SourceDate "2004.01.01"]

1. d4 Nf6 2. c3 d6 3. Bg5 Nbd7 4. Nd2 h6 5. Bxf6 Nxf6 6. e4 g6 7. Be2 Bg7 8.
Ngf3 Nh5 9. O-O Nf4 10. Bc4 O-O 11. Re1 e5 12. dxe5 dxe5 13. Qc2 Qf6 14. Bf1
Bg4 15. Re3 Rae8 16. h3 Bc8 17. Kh2 h5 18. g3 Bh6 19. Ree1 Nxh3 20. Bxh3 Bxd2
21. Qxd2 Qxf3 22. Re3 Qf6 23. Bxc8 Rxc8 24. Rf1 h4 25. Kg2 Kg7 26. Rf3 h3+ 0-1

[Event "10. Copenhagen Open"]
[Site "Copenhagen"]
[Date "1988.??.??"]
[Round "9"]
[White "Welling, Gerard"]
[Black "Bjerring, Kai"]
[Result "0-1"]
[WhiteElo "2355"]
[BlackElo "2305"]
[PlyCount "94"]
[EventDate "1988.??.??"]
[EventType "swiss"]
[EventRounds "10"]
[EventCountry "DEN"]
[SourceDate "2004.01.01"]

1. g3 g6 2. Bg2 Bg7 3. Nf3 d5 4. O-O Nf6 5. c4 O-O 6. cxd5 Nxd5 7. Nc3 Nb6 8.
b3 e5 9. Ba3 Re8 10. Qc2 Nc6 11. d3 Bg4 12. e3 a5 13. h3 Bf5 14. e4 Be6 15. Nb5
h6 16. Bc5 Qd7 17. a3 Nb4 18. axb4 Qxb5 19. d4 exd4 20. Nxd4 Bxd4 21. Bxd4 Qxb4
22. Be3 Bxb3 23. Qxc7 Nc4 24. Bxh6 Qe7 25. Qf4 f6 26. h4 Ne5 27. Qc1 Rac8 28.
Qb1 a4 29. Bf4 b5 30. Bc1 b4 31. Rxa4 Bxa4 32. Qa2+ b3 33. Qxa4 Rb8 34. Bb2 Kg7
35. Rb1 Qb4 36. Qa7+ Rb7 37. Qa6 Rb6 38. Qa7+ Re7 39. Qa8 Qd2 40. Qa3 Rd7 41.
Bxe5 fxe5 42. h5 b2 43. Qc5 Qd6 44. Qc3 Qd4 45. Qc8 Qd6 46. Bh3 Rc7 47. Qe8 Qe7
0-1

[Event "10. Copenhagen Open"]
[Site "Copenhagen"]
[Date "1988.??.??"]
[Round "9"]
[White "Westerinen, Heikki"]
[Black "Djurhuus, Rune"]
[Result "0-1"]
[WhiteElo "2395"]
[BlackElo "2315"]
[PlyCount "80"]
[EventDate "1988.??.??"]
[EventType "swiss"]
[EventRounds "10"]
[EventCountry "DEN"]
[SourceDate "2004.01.01"]

1. e4 e6 2. d4 d5 3. Nc3 Bb4 4. Nge2 dxe4 5. a3 Bxc3+ 6. Nxc3 Nc6 7. Bb5 Nge7
8. Bg5 f6 9. Be3 O-O 10. Qd2 f5 11. f3 f4 12. Bxf4 e5 13. Bxe5 Nxe5 14. dxe5
Qxd2+ 15. Kxd2 exf3 16. Bc4+ Kh8 17. gxf3 Bh3 18. Rag1 Ng6 19. Rg5 Rxf3 20. Re1
Re8 21. Bd3 Rf2+ 22. Kc1 Nf4 23. Bb5 Re7 24. Bc4 h6 25. Rg3 Rxh2 26. Rf3 g5 27.
Nd5 Nxd5 28. Bxd5 Kg7 29. e6 c6 30. Bb3 Bg2 31. Rf7+ Rxf7 32. e7 Rxe7 33. Rxe7+
Kf6 34. Rxb7 a6 35. Rb6 g4 36. Rxa6 g3 37. Ra8 Be4 38. Rf8+ Ke5 39. Re8+ Kf4
40. Rg8 g2 0-1

[Event "10. Copenhagen Open"]
[Site "Copenhagen"]
[Date "1988.??.??"]
[Round "10"]
[White "Bang, Andreas"]
[Black "Bergmann, Jesper"]
[Result "1-0"]
[WhiteElo "2250"]
[BlackElo "2245"]
[PlyCount "51"]
[EventDate "1988.??.??"]
[EventType "swiss"]
[EventRounds "10"]
[EventCountry "DEN"]
[SourceDate "2004.01.01"]

1. Nf3 Nf6 2. c4 c6 3. Nc3 d5 4. d4 g6 5. cxd5 cxd5 6. Bg5 Ne4 7. Qb3 Nxg5 8.
Nxg5 e6 9. Nf3 Bg7 10. e3 O-O 11. h4 h5 12. Ng5 Nc6 13. Be2 e5 14. dxe5 d4 15.
Rd1 Bxe5 16. Nf3 Bg7 17. O-O Bg4 18. Qxb7 Bxf3 19. Bxf3 Qxh4 20. g3 Qh3 21. Bg2
Qg4 22. Nd5 Ne5 23. Rxd4 Qe2 24. Nc3 Qc2 25. Be4 Nf3+ 26. Kg2 1-0

[Event "10. Copenhagen Open"]
[Site "Copenhagen"]
[Date "1988.??.??"]
[Round "10"]
[White "Barbero, Gerardo F"]
[Black "Sorensen, Torben N"]
[Result "1-0"]
[WhiteElo "2505"]
[BlackElo "2360"]
[PlyCount "51"]
[EventDate "1988.??.??"]
[EventType "swiss"]
[EventRounds "10"]
[EventCountry "DEN"]
[SourceDate "2004.01.01"]

1. d4 d5 2. c4 e6 3. Nf3 c5 4. cxd5 exd5 5. g3 Nc6 6. Bg2 Nf6 7. O-O Be7 8. Nc3
O-O 9. Bg5 c4 10. Ne5 Be6 11. f4 Ng4 12. Nxg4 Bxg4 13. Bxd5 Bxg5 14. fxg5 Qxg5
15. Rf4 Ne7 16. Bxc4 Ng6 17. Ne4 Qh5 18. Rxf7 Rxf7 19. Bxf7+ Kxf7 20. Qb3+ Ke8
21. Qg8+ Nf8 22. Rf1 Ke7 23. Qxg7+ Ke6 24. Rf6+ Kd5 25. Nc3+ Kc4 26. Qc7+ 1-0

[Event "10. Copenhagen Open"]
[Site "Copenhagen"]
[Date "1988.??.??"]
[Round "10"]
[White "Berg, Klaus"]
[Black "Andreasson, Ingvar"]
[Result "1-0"]
[WhiteElo "2370"]
[BlackElo "2335"]
[PlyCount "57"]
[EventDate "1988.??.??"]
[EventType "swiss"]
[EventRounds "10"]
[EventCountry "DEN"]
[SourceDate "2004.01.01"]

1. e4 c5 2. Nc3 Nc6 3. f4 g6 4. Nf3 Bg7 5. Bb5 d6 6. Bxc6+ bxc6 7. d3 Bg4 8. h3
Bxf3 9. Qxf3 Nf6 10. O-O O-O 11. Kh1 Nd7 12. Bd2 a5 13. Rae1 Nb6 14. f5 c4 15.
g4 cxd3 16. cxd3 a4 17. Re2 Nd7 18. h4 Qb6 19. h5 Qa6 20. Qh3 gxf5 21. gxf5 Bf6
22. Bh6 a3 23. e5 Nxe5 24. Ne4 Kh8 25. Nxf6 exf6 26. Qh4 Nd7 27. Bxf8 Rxf8 28.
Qg3 Rg8 29. Re8 1-0

[Event "10. Copenhagen Open"]
[Site "Copenhagen"]
[Date "1988.??.??"]
[Round "10"]
[White "Clausen, Steen"]
[Black "Sarosi, Zoltan"]
[Result "0-1"]
[WhiteElo "2270"]
[BlackElo "2315"]
[PlyCount "103"]
[EventDate "1988.??.??"]
[EventType "swiss"]
[EventRounds "10"]
[EventCountry "DEN"]
[SourceDate "2004.01.01"]

1. d4 Nf6 2. Nf3 e6 3. c4 d5 4. Nc3 Bb4 5. cxd5 exd5 6. Bg5 Nbd7 7. Qb3 c5 8.
a3 Bxc3+ 9. Qxc3 c4 10. Nd2 O-O 11. e4 Nxe4 12. Nxe4 Qe8 13. O-O-O Qxe4 14. h4
Nb6 15. Re1 Qg6 16. Be7 Qh6+ 17. Bg5 Qd6 18. g3 Be6 19. h5 Na4 20. Qb4 Qxb4 21.
axb4 h6 22. Bf4 Rfd8 23. Re5 Nb6 24. Bg2 Rd7 25. Bf3 a5 26. bxa5 Rxa5 27. Kc2
Nc8 28. Bd2 Ra6 29. g4 Ne7 30. Ree1 Nc6 31. Be3 b5 32. Ra1 Rda7 33. Rxa6 Rxa6
34. Be2 b4 35. f4 f6 36. f5 Bf7 37. Bf2 Ra8 38. Bf3 Kf8 39. Re1 Ra7 40. Rd1 Ke7
41. Re1+ Kd7 42. Bg2 Ra2 43. Rb1 Na7 44. Rd1 Nb5 45. Bf1 Nc3 46. Re1 Ne4 47.
Be3 b3+ 48. Kb1 c3 49. Bb5+ Kd8 50. Re2 Ra5 51. Bd3 c2+ 52. Bxc2 0-1

[Event "10. Copenhagen Open"]
[Site "Copenhagen"]
[Date "1988.??.??"]
[Round "10"]
[White "Davies, Nigel"]
[Black "Bern, Ivar"]
[Result "1-0"]
[WhiteElo "2450"]
[BlackElo "2340"]
[PlyCount "95"]
[EventDate "1988.??.??"]
[EventType "swiss"]
[EventRounds "10"]
[EventCountry "DEN"]
[SourceDate "2004.01.01"]

1. d4 f5 2. g3 Nf6 3. Bg2 e6 4. c4 d5 5. Nh3 Be7 6. O-O O-O 7. b3 c6 8. Bb2 a5
9. Nc3 Qe8 10. e3 Kh8 11. Qe2 b6 12. f3 Ba6 13. Kh1 b5 14. Nf4 Bd6 15. cxb5
cxb5 16. Nd3 b4 17. Na4 Qh5 18. Kg1 Ne4 19. Rfd1 Rf6 20. Bf1 Bxd3 21. Rxd3 Ng5
22. f4 Qxe2 23. Bxe2 Ne4 24. Rdd1 Rf8 25. Bb5 Ra7 26. Rac1 Nd7 27. Rc6 Ndf6 28.
Nc5 Re7 29. Rc1 Nxc5 30. dxc5 Bc7 31. Ra6 Rb8 32. Bd3 Kg8 33. Ra7 Kf7 34. Bd4
Bd8 35. Rxe7+ Kxe7 36. Be5 Ra8 37. h3 Ne8 38. g4 g6 39. g5 Bc7 40. Bd4 Bd8 41.
Bb5 Bc7 42. Kf2 h5 43. gxh6 Nf6 44. c6 Rh8 45. Be5 Bxe5 46. fxe5 Ne4+ 47. Kg2
Nc3 48. c7 1-0

[Event "10. Copenhagen Open"]
[Site "Copenhagen"]
[Date "1988.??.??"]
[Round "10"]
[White "Djurhuus, Rune"]
[Black "Hoi, Carsten"]
[Result "1/2-1/2"]
[WhiteElo "2315"]
[BlackElo "2405"]
[PlyCount "26"]
[EventDate "1988.??.??"]
[EventType "swiss"]
[EventRounds "10"]
[EventCountry "DEN"]
[SourceDate "2004.01.01"]

1. e4 e6 2. d4 b6 3. Nf3 Bb7 4. Bd3 c5 5. c3 cxd4 6. cxd4 Nf6 7. e5 Nd5 8. Nc3
Nxc3 9. bxc3 Be7 10. O-O O-O 11. Re1 d6 12. exd6 Qxd6 13. Bc2 Nd7 1/2-1/2

[Event "10. Copenhagen Open"]
[Site "Copenhagen"]
[Date "1988.??.??"]
[Round "10"]
[White "Ernst, Thomas"]
[Black "Vaganian, Rafael A"]
[Result "0-1"]
[WhiteElo "2455"]
[BlackElo "2625"]
[PlyCount "79"]
[EventDate "1988.??.??"]
[EventType "swiss"]
[EventRounds "10"]
[EventCountry "DEN"]
[SourceDate "2004.01.01"]

1. e4 e6 2. d4 d5 3. Nd2 c5 4. exd5 exd5 5. Bb5+ Nc6 6. Ngf3 Bd6 7. dxc5 Bxc5
8. O-O Nge7 9. Nb3 Bd6 10. c3 O-O 11. Re1 h6 12. h3 Nf5 13. Bd3 Qf6 14. Bc2 Be6
15. Qd3 Rfe8 16. Bd2 g6 17. Qb5 Nh4 18. Nxh4 Qxh4 19. Qxb7 Bxh3 20. Re3 Bxg2
21. Kxg2 Qh2+ 22. Kf1 Bg3 23. fxg3 Qh1+ 24. Ke2 Qh5+ 25. g4 Qxg4+ 26. Kf2 Qf4+
27. Kg2 Qg4+ 28. Rg3 Re2+ 29. Kf1 Qxg3 30. Qxa8+ Kg7 31. Bxh6+ Kxh6 32. Qh8+
Kg5 33. Kxe2 Qg2+ 34. Ke1 Kf4 35. Nd2 Kg5 36. Bd3 Qg3+ 37. Ke2 Ne5 38. Rg1 Qxg1
39. Qxe5+ Kh6 40. Qe3+ 0-1

[Event "10. Copenhagen Open"]
[Site "Copenhagen"]
[Date "1988.??.??"]
[Round "10"]
[White "Hartung Nielsen, Jens"]
[Black "Sorensen, Henrik"]
[Result "1/2-1/2"]
[WhiteElo "2270"]
[BlackElo "2265"]
[PlyCount "79"]
[EventDate "1988.??.??"]
[EventType "swiss"]
[EventRounds "10"]
[EventCountry "DEN"]
[SourceDate "2004.01.01"]

1. Nf3 Nf6 2. c4 c6 3. d4 d5 4. e3 g6 5. Nc3 Bg7 6. Be2 O-O 7. O-O Nbd7 8. b4
dxc4 9. Bxc4 a5 10. b5 c5 11. Ba3 Nb6 12. Be2 cxd4 13. exd4 Bf5 14. Qd2 Re8 15.
Ne5 Ne4 16. Nxe4 Bxe4 17. Qe3 Bd5 18. Rfc1 Rc8 19. Rxc8 Nxc8 20. Bf3 f6 21.
Bxd5+ Qxd5 22. Nf3 e6 23. Qb3 Qxb3 24. axb3 b6 25. Rc1 Na7 26. Bb2 Rc8 27.
Rxc8+ Nxc8 28. Nd2 Kf7 29. Nc4 Ke7 30. Kf1 Kd7 31. Ke2 Kc7 32. Kd3 Na7 33. Na3
Bf8 34. Kc4 Nc8 35. Kd3 Bb4 36. Nc2 Bd6 37. h3 Ne7 38. Ba3 Nd5 39. g3 Bxa3 40.
Nxa3 1/2-1/2

[Event "10. Copenhagen Open"]
[Site "Copenhagen"]
[Date "1988.??.??"]
[Round "10"]
[White "Horvath, Tamas"]
[Black "Jadoul, Michel"]
[Result "1/2-1/2"]
[WhiteElo "2415"]
[BlackElo "2400"]
[PlyCount "31"]
[EventDate "1988.??.??"]
[EventType "swiss"]
[EventRounds "10"]
[EventCountry "DEN"]
[SourceDate "2004.01.01"]

1. e4 c6 2. d4 d5 3. Nd2 dxe4 4. Nxe4 Bf5 5. Ng3 Bg6 6. Nf3 Nd7 7. h4 h6 8. h5
Bh7 9. Bd3 Bxd3 10. Qxd3 Ngf6 11. Bd2 e6 12. O-O-O Be7 13. Ne4 Nxe4 14. Qxe4
Nf6 15. Qe2 Qd5 16. c4 1/2-1/2

[Event "10. Copenhagen Open"]
[Site "Copenhagen"]
[Date "1988.??.??"]
[Round "10"]
[White "Hvenekilde, Jorgen"]
[Black "Jakobsen, Ole"]
[Result "1/2-1/2"]
[WhiteElo "2320"]
[BlackElo "2385"]
[PlyCount "97"]
[EventDate "1988.??.??"]
[EventType "swiss"]
[EventRounds "10"]
[EventCountry "DEN"]
[SourceDate "2004.01.01"]

1. d4 Nf6 2. c4 c5 3. d5 g6 4. Nc3 d6 5. e4 Bg7 6. f4 O-O 7. Nf3 a6 8. a4 e6 9.
Be2 exd5 10. cxd5 Bg4 11. O-O Nbd7 12. Nd2 Bxe2 13. Qxe2 Re8 14. Qf3 Qc7 15.
Nc4 Nb6 16. Ne3 c4 17. a5 Nbd7 18. Ra4 b5 19. axb6 Nxb6 20. Ra3 Qe7 21. e5 dxe5
22. fxe5 Qxe5 23. h3 h5 24. Rd1 Bf8 25. Ra1 Bc5 26. Kh1 Ne4 27. Nxe4 Qxe4 28.
Qxe4 Rxe4 29. Nf1 Rd8 30. Rxa6 Rxd5 31. Rxd5 Nxd5 32. Bd2 Bb4 33. Ra8+ Kg7 34.
Rd8 Bxd2 35. Nxd2 Re1+ 36. Kh2 Ne3 37. Kg3 Rc1 38. Kf3 Nd1 39. Nxc4 Rxc4 40.
Rxd1 Rb4 41. Rd2 f5 42. Ke3 Kf6 43. Kd3 Ke5 44. Kc3 Rb8 45. b4 g5 46. Kc4 Rc8+
47. Kb3 f4 48. b5 g4 49. hxg4 1/2-1/2

[Event "10. Copenhagen Open"]
[Site "Copenhagen"]
[Date "1988.??.??"]
[Round "10"]
[White "Inkiov, Ventzislav"]
[Black "Groszpeter, Attila"]
[Result "1/2-1/2"]
[WhiteElo "2490"]
[BlackElo "2495"]
[PlyCount "33"]
[EventDate "1988.??.??"]
[EventType "swiss"]
[EventRounds "10"]
[EventCountry "DEN"]
[SourceDate "2004.01.01"]

1. d4 Nf6 2. Nf3 e6 3. e3 c5 4. Bd3 d5 5. O-O c4 6. Be2 b5 7. b3 Bb7 8. a4 a6
9. axb5 axb5 10. Rxa8 Bxa8 11. bxc4 bxc4 12. c3 Nbd7 13. Qa4 Be7 14. Ba3 O-O
15. Bxe7 Qxe7 16. Nbd2 Qd6 17. Rb1 1/2-1/2

[Event "10. Copenhagen Open"]
[Site "Copenhagen"]
[Date "1988.??.??"]
[Round "10"]
[White "Jacobsen, Bo"]
[Black "Welling, Gerard"]
[Result "1-0"]
[WhiteElo "2280"]
[BlackElo "2355"]
[PlyCount "97"]
[EventDate "1988.??.??"]
[EventType "swiss"]
[EventRounds "10"]
[EventCountry "DEN"]
[SourceDate "2004.01.01"]

1. Nf3 h6 2. e4 g5 3. Nc3 Bg7 4. d4 c5 5. Be3 cxd4 6. Nxd4 Nc6 7. h4 d6 8. hxg5
hxg5 9. Rxh8 Bxh8 10. Nxc6 bxc6 11. Bxg5 Bxc3+ 12. bxc3 Qa5 13. Bd2 Nf6 14. Bd3
Bg4 15. f3 Be6 16. Qb1 Qc7 17. Qb4 Rb8 18. Qa4 Bd7 19. Be3 c5 20. Qa3 Bc6 21.
Kd2 Nd7 22. Rh1 Ne5 23. Rh8+ Kd7 24. Rxb8 Qxb8 25. Be2 e6 26. Qa6 Qb6 27. Bf4
Bb7 28. Qxb6 axb6 29. Bb5+ Ke7 30. Ke3 f6 31. Bg3 Nf7 32. Bh4 Ne5 33. Be1 d5
34. Bg3 Bc6 35. Bxc6 Nxc6 36. Kf4 dxe4 37. Kxe4 e5 38. Kd5 Kd7 39. Bh4 Ne7+ 40.
Kc4 Ke6 41. Kb5 Nd5 42. Be1 Kd6 43. c4 Ne3 44. Bf2 Nxg2 45. Kxb6 f5 46. Bxc5+
Kd7 47. Kb7 e4 48. fxe4 fxe4 49. Bb4 1-0

[Event "10. Copenhagen Open"]
[Site "Copenhagen"]
[Date "1988.??.??"]
[Round "10"]
[White "Kupreichik, Victor"]
[Black "Levitt, Jonathan"]
[Result "1-0"]
[WhiteElo "2510"]
[BlackElo "2440"]
[PlyCount "105"]
[EventDate "1988.??.??"]
[EventType "swiss"]
[EventRounds "10"]
[EventCountry "DEN"]
[SourceDate "2004.01.01"]

1. e4 e6 2. d4 d5 3. e5 c5 4. c3 Nc6 5. Nf3 Bd7 6. Be2 Nge7 7. O-O Nf5 8. Bd3
Nh4 9. Nxh4 Qxh4 10. Be3 cxd4 11. cxd4 Bb4 12. a3 Ba5 13. g3 Qe7 14. Nc3 f5 15.
b4 Bb6 16. Bc2 O-O 17. Qd2 Be8 18. Ne2 Bh5 19. f3 Rac8 20. Rac1 Rc7 21. Kg2
Rfc8 22. Bb3 Bf7 23. h3 a5 24. b5 a4 25. bxc6 axb3 26. cxb7 Rb8 27. Rxc7 Bxc7
28. Qb2 Rxb7 29. Bd2 Qd7 30. Bb4 Qb5 31. Rc1 h6 32. Kf2 Be8 33. Qxb3 Qa6 34.
Nf4 Bb5 35. h4 Bc4 36. Qe3 Kf7 37. g4 fxg4 38. fxg4 Bd8 39. Kg3 g5 40. Nh3
gxh4+ 41. Kh2 Kg7 42. Rg1 Bf1 43. g5 Qd3 44. gxh6+ Kh7 45. Qxd3+ Bxd3 46. Nf4
Bf5 47. Nh5 Kxh6 48. Nf6 Bxf6 49. exf6 Rc7 50. Bd6 Rc2+ 51. Rg2 Rxg2+ 52. Kxg2
e5 53. f7 1-0

[Event "10. Copenhagen Open"]
[Site "Copenhagen"]
[Date "1988.??.??"]
[Round "10"]
[White "Nerlov, Claus"]
[Black "Mortensen, Peter Munch"]
[Result "1/2-1/2"]
[WhiteElo "2265"]
[BlackElo "2290"]
[PlyCount "34"]
[EventDate "1988.??.??"]
[EventType "swiss"]
[EventRounds "10"]
[EventCountry "DEN"]
[SourceDate "2004.01.01"]

1. c4 Nf6 2. Nf3 e6 3. g3 c5 4. Bg2 Nc6 5. O-O d5 6. d4 dxc4 7. Qa4 Bd7 8. dxc5
Bxc5 9. Qxc4 Be7 10. Nc3 O-O 11. Be3 Qa5 12. Rfd1 Rfc8 13. Qb3 Qb4 14. Qxb4
Nxb4 15. Ne5 Bc6 16. Nxc6 bxc6 17. Rdc1 Nfd5 1/2-1/2

[Event "10. Copenhagen Open"]
[Site "Copenhagen"]
[Date "1988.??.??"]
[Round "10"]
[White "Pieniazek, Artur"]
[Black "Haugli, Petter"]
[Result "0-1"]
[WhiteElo "2275"]
[BlackElo "2350"]
[PlyCount "112"]
[EventDate "1988.??.??"]
[EventType "swiss"]
[EventRounds "10"]
[EventCountry "DEN"]
[SourceDate "2004.01.01"]

1. d4 Nf6 2. c4 e6 3. Nc3 Bb4 4. e3 b6 5. Nge2 Ba6 6. Ng3 Bxc3+ 7. bxc3 d5 8.
Qf3 c6 9. cxd5 Bxf1 10. Nxf1 cxd5 11. Nd2 O-O 12. O-O Nc6 13. Ba3 Re8 14. c4 e5
15. cxd5 Nxd5 16. Rac1 Rc8 17. Ne4 Re6 18. dxe5 Nxe5 19. Qf5 Rxc1 20. Rxc1 g6
21. Qg5 f6 22. Qh4 b5 23. Qh3 f5 24. Ng5 Qxg5 25. Rc8+ Kg7 26. Bf8+ Kf6 27.
Qxh7 Qh5 28. Bg7+ Kg5 29. f4+ Nxf4 30. exf4+ Kxf4 31. Bxe5+ Rxe5 32. g3+ Kg5
33. Qxh5+ Kxh5 34. Kf2 b4 35. Kf3 Ra5 36. h4 Kh6 37. Rc2 Ra3+ 38. Kf4 Rc3 39.
Rd2 a5 40. Rd5 Ra3 41. Rd2 Kg7 42. Rc2 Rc3 43. Rd2 Rc4+ 44. Ke5 Re4+ 45. Kd5
Re3 46. Rg2 Kh6 47. g4 fxg4 48. Rxg4 Re2 49. a3 b3 50. Kd4 b2 51. Rg1 Kh5 52.
Kd3 Rg2 53. Rh1 Rh2 54. Rb1 Kxh4 55. Kc4 g5 56. Kb5 g4 0-1

[Event "10. Copenhagen Open"]
[Site "Copenhagen"]
[Date "1988.??.??"]
[Round "10"]
[White "Schulz, Klaus Jurgen"]
[Black "Hansen, Soren Bech"]
[Result "1/2-1/2"]
[WhiteElo "2345"]
[BlackElo "2255"]
[PlyCount "27"]
[EventDate "1988.??.??"]
[EventType "swiss"]
[EventRounds "10"]
[EventCountry "DEN"]
[SourceDate "2004.01.01"]

1. g3 g6 2. Bg2 Bg7 3. d4 d5 4. Nf3 Nf6 5. c4 c6 6. Nbd2 O-O 7. O-O Qb6 8. e3
Bf5 9. Qe2 Ne4 10. Nh4 Nxd2 11. Bxd2 Be6 12. cxd5 cxd5 13. Bc3 Qa6 14. Qxa6
1/2-1/2